000 00535nam a22001817a 4500
999 _c11859
_d11859
003 AR-CdUCM
008 190405b ||||| |||| 00| 0 spa d
040 _aMUNICIPALIDAD PROVINCIAL DEL CUSCO
_cBIBLIOTECA MUNICIPAL DEL CUSCO
082 _a869.58 /
_bD68 / 1931
100 _aDiez Canseco, Jose
_98262
245 _aJijuna /
260 _aLima :
_bAusonia,
_c1931.
300 _a16 páginas ;
_c17 cm.
440 _aNovelistas peruanos.
_929433
650 _aNovela peruana.
_91234
942 _2ddc
_cLIBROS
945 _awfj
_d2019-04-05